[Event "Hessen-ch Seniors op 11th"]
[Site "Bad Sooden-Allendorf"]
[Date "2015.05.14"]
[Round "6"]
[White "Bachmann, Rolf"]
[Black "Rieck, Helmut"]
[Result "0-1"]
[WhiteElo "2063"]
[BlackElo "1928"]
[PlyCount "64"]
[EventDate "2015.05.09"]
[EventType "swiss"]
[EventRounds "9"]
[EventCountry "GER"]
[SourceTitle "EXT 2018"]
[Source "ChessBase"]
[SourceDate "2017.10.13"]
[SourceVersion "1"]
[SourceVersionDate "2017.10.13"]
[SourceQuality "1"]

1. c4 e5 2. Nc3 Nc6 3. g3 g6 4. Bg2 Bg7 5. e3 d6 6. Nge2 Bf5 7. d3 Nge7 8. 0-0 0-0 9. Rb1 a5 10. a3 Qd7 11. Re1 Rfe8 12. b4 axb4 13. axb4 Nd8 14. Qc2 c6 15. Bb2 Bh3 16. Bh1 Ne6 17. Ra1 f5 18. f3 f4 19. e4 h5 20. Kf2 Ng5 21. gxf4 exf4 22. Rxa8 Rxa8 23. Nxf4 Rf8 24. Nce2 Be5 25. Bc1 Bg4 26. Rf1 Nxf3 27. Bxf3 Bxf3 28. Kxf3 Qh3+ 29. Kf2 Qh4+ 30. Ke3 g5 31. Ng2 Qh3+ 32. Ng3 Rxf1 0-1

[Event "MVP-ch Seniors op 12th"]
[Site "Binz"]
[Date "2012.12.05"]
[Round "8"]
[White "Rieck, Helmut"]
[Black "Schuetze, Manfred"]
[Result "1-0"]
[WhiteElo "1759"]
[BlackElo "1629"]
[PlyCount "47"]
[EventDate "2012.11.28"]
[EventType "swiss"]
[EventRounds "9"]
[EventCountry "GER"]
[SourceTitle "EXT 2014"]
[Source "ChessBase"]
[SourceDate "2013.11.20"]
[SourceVersion "1"]
[SourceVersionDate "2013.11.20"]
[SourceQuality "1"]

1. e4 e5 2. Nf3 Nc6 3. d4 exd4 4. Nxd4 Bc5 5. Be3 Qf6 6. c3 Nge7 7. Bc4 0-0 8. 0-0 Qg6 9. Nd2 Bb6 10. f4 Nxd4 11. cxd4 Nc6 12. f5 Qf6 13. Nf3 Qe7 14. e5 Kh8 15. Qd3 f6 16. Rae1 fxe5 17. Bg5 Qd6 18. Kh1 exd4 19. f6 gxf6 20. Bh4 f5 21. Ng5 Qg6 22. Nf7+ Rxf7 23. Bxf7 Qxf7 24. Rxf5 1-0

[Event "MVP-ch Seniors op 12th"]
[Site "Binz"]
[Date "2012.12.04"]
[Round "7"]
[White "Lehmann, Erwin"]
[Black "Rieck, Helmut"]
[Result "1-0"]
[WhiteElo "1866"]
[BlackElo "1759"]
[PlyCount "63"]
[EventDate "2012.11.28"]
[EventType "swiss"]
[EventRounds "9"]
[EventCountry "GER"]
[SourceTitle "EXT 2014"]
[Source "ChessBase"]
[SourceDate "2013.11.20"]
[SourceVersion "1"]
[SourceVersionDate "2013.11.20"]
[SourceQuality "1"]

1. c4 Nf6 2. g3 d5 3. Nf3 g6 4. Bg2 Bg7 5. 0-0 0-0 6. cxd5 Nxd5 7. Nc3 c6 8. d4 Nd7 9. e4 N5b6 10. Qe2 Re8 11. Re1 e6 12. Be3 Nf6 13. h3 h6 14. Rac1 Bd7 15. a4 a5 16. b3 Bf8 17. Ne5 Kg7 18. Qd2 Ng8 19. d5 exd5 20. Bxb6 Qxb6 21. Nxd7 Qxb3 22. exd5 Bb4 23. Qd4+ f6 24. dxc6 bxc6 25. Bxc6 Rad8 26. Nd5 Re6 27. Bb5 Bd6 28. Bc4 Qa3 29. Qa7 Ne7 30. N5xf6 Rxf6 31. Nxf6 Kxf6 32. Qd4+ 1-0

[Event "MVP-ch Seniors op 12th"]
[Site "Binz"]
[Date "2012.11.29"]
[Round "2"]
[White "Rieck, Helmut"]
[Black "Bachmann, Rolf"]
[Result "1/2-1/2"]
[WhiteElo "1759"]
[BlackElo "1881"]
[PlyCount "55"]
[EventDate "2012.11.28"]
[EventType "swiss"]
[EventRounds "9"]
[EventCountry "GER"]
[SourceTitle "EXT 2014"]
[Source "ChessBase"]
[SourceDate "2013.11.20"]
[SourceVersion "1"]
[SourceVersionDate "2013.11.20"]
[SourceQuality "1"]

1. e4 c5 2. c3 d5 3. exd5 Qxd5 4. d4 cxd4 5. cxd4 Nc6 6. Nf3 Bg4 7. Be2 e6 8. Nc3 Bb4 9. 0-0 Bxc3 10. bxc3 Nf6 11. h3 Bh5 12. c4 Qd6 13. Rb1 b6 14. Qa4 Rc8 15. Ba3 Qd7 16. Rfe1 Bxf3 17. Bxf3 Nxd4 18. Bd1 Nc6 19. Bb3 Ng8 20. Rbd1 Qb7 21. c5 Nge7 22. cxb6 axb6 23. Qe4 0-0 24. Bc2 g6 25. Qh4 Rfd8 26. Bb2 Rxd1 27. Rxd1 Nd5 28. Be4 1/2-1/2

[Event "Mecklenburg VP-ch Seniors op 09th"]
[Site "Binz"]
[Date "2009.12.06"]
[Round "6.38"]
[White "Assmann, Hans"]
[Black "Rieck, Helmut"]
[Result "1-0"]
[WhiteElo "1563"]
[BlackElo "1748"]
[PlyCount "55"]
[EventDate "2009.12.01"]
[EventType "swiss"]
[EventRounds "9"]
[EventCountry "GER"]
[SourceTitle "EXT 2022"]
[Source "ChessBase"]
[SourceDate "2021.10.06"]
[SourceVersion "1"]
[SourceVersionDate "2021.10.06"]
[SourceQuality "1"]

1. b3 d5 2. Bb2 c5 3. e3 Nc6 4. Bb5 a6 5. Be2 Bf5 6. Nf3 Nf6 7. d3 b5 8. Nbd2 h6 9. 0-0 e6 10. Nh4 Bh7 11. f4 Rc8 12. Nhf3 Be7 13. Ne5 Nxe5 14. fxe5 Nd7 15. Rc1 Bg5 16. Rf3 Qc7 17. d4 0-0 18. Bd3 Qb6 19. Bxh7+ Kxh7 20. Nf1 c4 21. c3 b4 22. bxc4 dxc4 23. cxb4 Qxb4 24. Bc3 Qa3 25. Qd2 Rb8 26. Ng3 Nb6 27. Bb4 c3 28. Qc2+ 1-0

[Event "Bad Bevensen Seniors op 12th"]
[Site "Bad Bevensen"]
[Date "2009.07.14"]
[Round "8"]
[White "Rieck, Helmut"]
[Black "Vladov, Mark"]
[Result "1-0"]
[WhiteElo "1748"]
[BlackElo "1651"]
[PlyCount "62"]
[EventDate "2009.07.07"]
[EventType "swiss"]
[EventRounds "9"]
[EventCountry "GER"]
[SourceTitle "EXT 2022"]
[Source "ChessBase"]
[SourceDate "2021.10.06"]
[SourceVersion "1"]
[SourceVersionDate "2021.10.06"]
[SourceQuality "1"]

1. Nf3 Nf6 2. c4 c5 3. Nc3 g6 4. g3 Bg7 5. Bg2 0-0 6. 0-0 d6 7. d4 cxd4 8. Nxd4 a6 9. b3 Qc7 10. Bb2 Bd7 11. Qd2 Nc6 12. Nc2 Rab8 13. Nd5 Nxd5 14. Bxg7 Kxg7 15. cxd5 Nd8 16. Qd4+ f6 17. Rac1 Nf7 18. Rfd1 Rbc8 19. Qe3 Rfe8 20. Nd4 Qd8 21. Ne6+ Bxe6 22. dxe6 Ne5 23. Bxb7 Rxc1 24. Rxc1 Qa5 25. h3 Qb4 26. Qe4 Qd2 27. Rb1 f5 28. Qa4 Rb8 29. Qxa6 f4 30. gxf4 Qxf4 31. Rf1 Rf8 1-0

[Event "Bad Bevensen Seniors op 12th"]
[Site "Bad Bevensen"]
[Date "2009.07.13"]
[Round "7"]
[White "Janzen, Christian"]
[Black "Rieck, Helmut"]
[Result "1/2-1/2"]
[WhiteElo "1625"]
[BlackElo "1748"]
[PlyCount "86"]
[EventDate "2009.07.07"]
[EventType "swiss"]
[EventRounds "9"]
[EventCountry "GER"]
[SourceTitle "EXT 2022"]
[Source "ChessBase"]
[SourceDate "2021.10.06"]
[SourceVersion "1"]
[SourceVersionDate "2021.10.06"]
[SourceQuality "1"]

1. e4 d5 2. exd5 Qxd5 3. Nc3 Qd6 4. Nf3 Nf6 5. Be2 c6 6. d3 Nbd7 7. Bg5 g6 8. Qd2 Bg7 9. h3 Qb4 10. Nd1 Qxd2+ 11. Bxd2 0-0 12. d4 Ne4 13. c3 Nxd2 14. Nxd2 b5 15. Bf3 Bb7 16. 0-0 e5 17. dxe5 Nxe5 18. Be4 Rfe8 19. f4 Nd7 20. Nf2 f5 21. Bf3 Nc5 22. Nb3 Nxb3 23. axb3 b4 24. Nd1 a5 25. Rf2 Kf8 26. Ra4 Ra6 27. Rd2 bxc3 28. bxc3 Rb6 29. Rb2 h6 30. Rxa5 Re1+ 31. Kf2 Rxd1 32. Bxd1 Bxc3 33. Rba2 Bxa5 34. Rxa5 Ke7 35. Re5+ Kd7 36. g4 Rb4 37. Ke3 Rb5 38. Bc2 Rxe5+ 39. fxe5 fxg4 40. hxg4 Ke6 41. Bxg6 Kxe5 42. Be4 Bc8 43. Bxc6 Bxg4 1/2-1/2

[Event "Bad Bevensen Seniors op 12th"]
[Site "Bad Bevensen"]
[Date "2009.07.11"]
[Round "5"]
[White "Johannsen, Ingbert"]
[Black "Rieck, Helmut"]
[Result "1-0"]
[WhiteElo "1923"]
[BlackElo "1748"]
[PlyCount "45"]
[EventDate "2009.07.07"]
[EventType "swiss"]
[EventRounds "9"]
[EventCountry "GER"]
[SourceTitle "EXT 2022"]
[Source "ChessBase"]
[SourceDate "2021.10.06"]
[SourceVersion "1"]
[SourceVersionDate "2021.10.06"]
[SourceQuality "1"]

1. e4 e5 2. Nc3 Nf6 3. f4 d5 4. fxe5 Nxe4 5. Nf3 Be7 6. Qe2 Nxc3 7. dxc3 0-0 8. Bd2 c5 9. 0-0-0 Be6 10. Kb1 Nc6 11. Qf2 c4 12. Qg3 Re8 13. Bxc4 Qa5 14. Bb3 Qc5 15. Bh6 g6 16. Nd4 Qb6 17. Nxe6 fxe6 18. h4 Bf8 19. Bf4 Rad8 20. h5 Ne7 21. Ba4 Nf5 22. Qh2 Re7 23. Bg5 1-0

[Event "Mecklenburg VP-ch Seniors op 08th"]
[Site "Plau am See"]
[Date "2008.10.13"]
[Round "8"]
[White "Rieck, Helmut"]
[Black "Kuehn, Peter1111"]
[Result "0-1"]
[WhiteElo "1734"]
[BlackElo "1902"]
[PlyCount "59"]
[EventDate "2008.10.06"]
[EventType "swiss"]
[EventRounds "9"]
[EventCountry "GER"]
[SourceTitle "EXT 2022"]
[Source "ChessBase"]
[SourceDate "2021.10.06"]
[SourceVersion "1"]
[SourceVersionDate "2021.10.06"]
[SourceQuality "1"]

1. Nf3 f5 2. d3 Nf6 3. Bg5 e6 4. g3 Be7 5. c4 d6 6. Bg2 e5 7. Bxf6 Bxf6 8. Qc2 0-0 9. 0-0 c6 10. Nc3 Na6 11. Rad1 Qe8 12. a3 Be6 13. Nd2 Rd8 14. b4 Nc7 15. Nb3 g5 16. e4 f4 17. Qe2 g4 18. f3 fxg3 19. hxg3 Qg6 20. f4 exf4 21. gxf4 Qh5 22. e5 dxe5 23. Ne4 exf4 24. Nxf6+ Rxf6 25. Be4 f3 26. Qh2 Qxh2+ 27. Kxh2 Rh6+ 28. Kg1 Bc8 29. a4 Ne6 30. Kf2 0-1

[Event "Niedersachsen-ch Seniors op 10th"]
[Site "Bad Bevensen"]
[Date "2007.07.11"]
[Round "9"]
[White "Mewes, Hans Dieter"]
[Black "Rieck, Helmut"]
[Result "1/2-1/2"]
[WhiteElo "1743"]
[BlackElo "1695"]
[PlyCount "69"]
[EventDate "2007.07.03"]
[EventType "swiss"]
[EventRounds "9"]
[EventCountry "GER"]
[SourceTitle "EXT 2022"]
[Source "ChessBase"]
[SourceDate "2021.10.06"]
[SourceVersion "1"]
[SourceVersionDate "2021.10.06"]
[SourceQuality "1"]

1. d4 e6 2. c4 b6 3. Nc3 Bb7 4. e3 Nf6 5. Nf3 Be7 6. Be2 d5 7. b3 0-0 8. Bb2 Nbd7 9. 0-0 c5 10. cxd5 Nxd5 11. Nxd5 Bxd5 12. Rc1 Rc8 13. Re1 Bb7 14. a3 Bf6 15. Qd3 Qe7 16. Ne5 Rfd8 17. Qb1 Bxe5 18. dxe5 Qg5 19. g3 h5 20. h4 Qh6 21. f4 g6 22. Rcd1 Nb8 23. Rd6 Qf8 24. Red1 Bd5 25. Rxd8 Rxd8 26. Qd3 Nc6 27. e4 c4 28. bxc4 Qc5+ 29. Kh2 Bxc4 30. Qf3 Rxd1 31. Bxd1 b5 32. Kg2 a5 33. f5 gxf5 34. Qxh5 Nxe5 35. Qg5+ 1/2-1/2